000 00739cab a2200241 4500
001 ABS53524
008 090401t1995 xxu||||| |||| 00| 0 eng d
035 _a(Sirsi) u4914
041 _aeng
245 _aProcurement
260 _c1995
350 _a0
490 _aBuilding
_v260(7908) 15 September 1995, 48-51(4)
520 _aThe latest digest of information on lead times, enquiries, tender prices and order levels compiled from data gathered by Gardiner & Theobald and Mace.
650 _aBUILT ENVIRONMENT-BUILDING MATERIALS
650 _aBUILDING PROCUREMENT
650 _aLEAD TIME INDEX
650 _aTENDER PRICES
650 _aTILES AND SLATES
690 _aBUILT ENVIRONMENT
942 _n0
948 _c04/03/1997
999 _c2969
_d2969